LEADER 01104nam a2200229 i 4500 001 000000129562 003 CaOOAMICUS 005 20070706000000.0 008 070706s1967 it u000 u ita u 013 $a102295 040 $aSeMil$bita 100 1 $aBascapè, Giacomo Carlo,$d<1902-1993>.$0(OLS)http://semarc/name/10607 245 10$aCenni storici sulla Chiesa di Santa Maria della Pace in Milano, sede dell'Ordine Equestre del Santo Sepolcro di Gerusalemme /$cGiacomo Carlo Bascapè. 260 $aMilano :$bCrociata,$c1967. 300 $a37 p. :$bricc. ill. ;$c25 cm. 500 $aContiene : Bibliografia. - Fondo card. Giovanni Colombo. 650 4$aMilano - Chiese - Santa Maria della Pace.$0(OLS)http://semarc/subject/46188 850 $aSeMil 852 $aSeMil$W1$xVenegono$y1$m3GC IV 352$j83676$B83676$CSeMilBibl$Z2$F125789 $8B 941 1 $a3 996 $6245$aCenni storici sulla Chiesa di Santa Maria della Pace in Milano, sede dell'Ordine Equestre del Santo Sepolcro di Gerusalemme$9(OLS)http://semarc/title/191179 996 $6260$aMilano :$bCrociata$9(OLS)http://semarc/publisher/46607 LEADER 00921nam a2200241 i 4500 001 000000119830 003 CaOOAMICUS 005 20031106000000.0 008 031106s1981 it u000 u ita u 013 $a92524 040 $aSeMil$bita 100 1 $aMazzolari, Primo,$d<1890-1959>.$0(OLS)http://semarc/name/3525 245 10$aLettere a don Canzio /$cPrimo Mazzolari. 260 $aVicenza :$bLa Locusta,$cstampa 1981. 300 $a69 p. ;$c18 cm. 500 $aFondo Card. C.M. Martini. 650 4$aMazzolari, Primo - Lettere e carteggi.$0(OLS)http://semarc/subject/7706 850 $aSeMil 852 $aSeMil$W1$xVenegono$y1$m3F II 304$j75037$B75037$CSeMilBibl$Z2$F101242 $81 941 1 $a4 961 $aOmaggio: Martini Card. Carlo Maria 996 $6245$aLettere a don Canzio$9(OLS)http://semarc/title/176214 996 $6260$aVicenza :$bLa Locusta$9(OLS)http://semarc/publisher/31451